From Beirut to Jerusalem

Bibliographic Details
Main Author: Ang, Swee Chai (Author)
Format: Book
Language:English
Published: Kuala Lumpur : The Other Press , 2002
Subjects:

MARC

LEADER 00000cam a2200000 7i4500
001 0000008297
005 20070314093000.0
008 061206 my eng
020 |a 9839541323 
090 0 0 |a DS87.53   |b .A64 2002 
100 1 |a Ang, Swee Chai ,   |e author 
245 1 0 |a From Beirut to Jerusalem   |c Ang Swee Chai 
260 2 |a Kuala Lumpur :   |b The Other Press ,   |c 2002 
300 |a xvii, 310 p. :   |b ill. ;   |c 21 cm. 
650 0 |a Palestinian Arabs   |x Lebanon 
650 0 |a Refugee camps   |z Lebanon 
651 0 |a Lebanon   |x History   |y Civil War, 1975-1990 
999 |a 1000105814   |b Book   |c Open Shelf (7 days)   |e Gong Badak Campus